Biblioteca

Tradiciones de la gente del hacha : (Registro nro. 66921)

Detalles MARC
000 -LÍDER
Campo fijo de descripción fija 01516nam a2200337 i 4500
001 - NÚMERO DE CONTROL
Campo de control 768714001
003 - IDENTIFICADOR DEL NÚMERO DE CONTROL
Campo de control CO-MdFUSB
005 - FECHA Y HORA DE LA ULTIMA TRANSACCIÓN
control field 20230517164051.0
007 - CAMPO FIJO DE DESCRIPCIÓN FIJA--INFORMACIÓN GENERAL
Campo fijo de descripción fija ta
008 - ELEMENTOS DE LONGITUD FIJA -- INFORMACIÓN GENERAL
Campo fijo de descripción fija -- Información general 211005t1984 ck |||| |||| 00| 0 spa d
020 ## - NÚMERO INTERNACIONAL NORMALIZADO PARA LIBROS
Número Internacional Normalizado del libro 9586110001
040 ## - FUENTE DE CATALOGACIÓN
Agencia de catalogación original CO-MdFUSB
Idioma de catalogación spa
Agencia que realiza la transcripción CO-MdFUSB
Agencia que realiza la modificación CO-MdFUSBC
Convenciones de la descripción rda
041 ## - CÓDIGO DE IDIOMA
Código de idioma para texto/pista de sonido o título separado spa
082 ## - NÚMERO DE CLASIFICACIÓN DECIMAL DEWEY
Número de la edición del Dewey 23
Número de clasificación 986.1
Clave de autor-Numero de item L253
100 ## - ASIENTO PRINCIPAL--NOMBRE PERSONAL
Nombre personal Landaburu, Jon.
Término relacionador autor
245 1# - TÍTULO
Título del Material Tradiciones de la gente del hacha :
Parte restante del título - Subtitulo mitología de los indios andoques del Amazonas
Mención de responsabilidad, etc. / Jon Landaburu , Roberto Pineda Camacho
264 #1 - PRODUCCIÓN, PUBLICACIÓN, DISTRIBUCIÓN, MANUFACTURA, Y COPYRIGHT
Lugar de producción, publicación, distribución, manufactura Colombia :
Nombre del productor, publicador, distribuidor Instituto Caro y Cuervo,
Fecha de producción, publicación, distribución, manufactura, o copyright [1984]
264 #4 - PRODUCCIÓN, PUBLICACIÓN, DISTRIBUCIÓN, MANUFACTURA, Y COPYRIGHT
Fecha de producción, publicación, distribución, manufactura, o copyright © 1984
300 ## - DESCRIPCIÓN FÍSICA
Extensión 289 páginas
Dimensiones ; 25 cm
336 ## - TIPO DE CONTENIDO
Fuente rdacontent
Término de tipo de contenido texto
Código de tipo de contenido txt
337 ## - TIPO DE MEDIO
Fuente rdamedia
Nombre del tipo de medio sin mediación
Código del tipo de medio n
338 ## - TIPO DE SOPORTE
Fuente rdacarrier
Nombre del tipo de soporte volumen
Código Tipo de soporte nc
505 ## - NOTA DE CONTENIDO
Nota de contenido con formato preestablecido El sol nace en Araracuara. -- Del oriente sube la amenaza. -- Del cielo llega el ritmo creador. -- El oriente es vencido en Araracuara. -- Fracasos en el centro, peligros hoy. -- Cuentos de cazadores. -- Abajo viven los animales. -- Volverse gente. -- Cuentos de curaciones. -- Nueva victoria sobre el oriente. -- Conversaciones sobre seres míticos (bilingüe andoque-español).-- Actualidad de la palabra mítica. -- Notas sobre la lengua Andoque: Fonología, anotaciones gramaticales.
563 ## - NOTA DE ENCUADERNACIÓN
Nota de encuadernación Rústico
653 ## - TÉRMINO DE INDIZACIÓN - NO CONTROLADO
Término no controlado Mitología Andoque.
653 ## - TÉRMINO DE INDIZACIÓN - NO CONTROLADO
Término no controlado Amazonas -- Tribus indígenas.
700 ## - ASIENTO SECUNDARIO - NOMBRE PERSONAL
9 (RLIN) 5739
Nombre personal Pineda Camacho, Roberto.
Responsabilidad autor
942 ## - TIPO DE MATERIAL (KOHA)
Tipo de Item KOHA Libros General
945 ## - INFORMACIÓN LOCAL DEL REGISTRO
Catalogador JTF-925
Existencias
Estado de Material Estado de Perdido Forma de Clasificación Estado de Dañado No para Préstamo Colección Biblioteca de Origen Biblioteca Permanente Fecha de Adquisición Área Total de Préstamos Signatura Topográfica Código de Barras Última vez visto Ejemplar/Existencia Fecha de Remplazo Tipo de Material
    Dewey Decimal Classification     Colección General Biblioteca FUSBC Biblioteca FUSBC 05/10/2021 CULTURA Y COSTUMBRES   G 986.1 L253t 26056 05/10/2021 Ej. 1 05/10/2021 Libros General

Biblioteca FUSBC | Teléfono: (57+4) 349 88 10 Ext. 141| WhatsApp (+57) 3005338115 
E-mail: biblioteca@unisbc.edu.co | Calle 76 87-14 Robledo Palenque, Medellín, Colombia

Con tecnología Koha